000
00270nam a2200121Ia 4500
008
220216s9999 xx 000 0 und d
100
_a
Thomas V
245
0
_a
Rubber indiayilekku
260
_b
Rubber
_c
2021
300
_a
26-29
650
_a
Rubber history
942
_c
BS
999
_c
51254
_d
51254